| 000 | 00658nam a2200241Ia 4500 | ||
|---|---|---|---|
| 003 | OSt | ||
| 005 | 20230502122713.0 | ||
| 008 | 210423s2013 xx 000 0 und d | ||
| 020 | _a9788122434415 | ||
| 040 | _cAL | ||
| 041 | _aeng | ||
| 082 |
_223 _a338.954 _b MISS |
||
| 100 |
_aMISRA (S K);PURI (V K) _995966 |
||
| 245 | _aIndian economy: its development experience | ||
| 250 | _a30 | ||
| 260 |
_aNew Delhi _bHimalaya Publishing House _c2013 |
||
| 300 |
_axxix,833 _bPB |
||
| 365 |
_b498 _cINR |
||
| 650 |
_aEconomics _995967 |
||
| 650 |
_aIndian Economy _995968 |
||
| 906 | _adevelopment ; economy: ; experience ; Indian ; its | ||
| 942 |
_2ddc _cBK |
||
| 999 |
_c161456 _d161456 |
||